[Event "Junior DM"]
[Site "Lyngby"]
[Date "1996.07.10"]
[Round "3"]
[White "Vovk, Oksana"]
[Black "Berg, Emanuel"]
[Result "0-1"]
[WhiteElo "2195"]
[BlackElo "2215"]
[PlyCount "66"]
[EventDate "1996.??.??"]
[EventType "swiss"]
[EventRounds "9"]
[EventCountry "DEN"]

1. c4 e5 2. Nc3 Nc6 3. g3 Nf6 4. Bg2 Bc5 5. Nf3 O-O 6. O-O d6 7. a3 a6 8. b4
Ba7 9. d3 h6 10. Rb1 Bg4 11. a4 Qd7 12. b5 axb5 13. axb5 Nd4 14. Nxd4 Bxd4 15.
Bb2 c6 16. Re1 Qf5 17. Rf1 Qh5 18. Re1 Qf5 19. Rf1 Qh5 20. Re1 Nh7 21. bxc6
bxc6 22. Bxc6 Rab8 23. Qd2 Bxf2+ 24. Kxf2 Qxh2+ 25. Bg2 Bh3 26. Rg1 f5 27. Nd5
f4 28. gxf4 exf4 29. Qe1 Ng5 30. Qc3 Rxb2 31. Qxb2 Qg3+ 32. Kf1 f3 33. e3 Bxg2+
0-1

[Event "Junior DM"]
[Site "Lyngby"]
[Date "1996.07.11"]
[Round "4"]
[White "Bekker Jensen, David"]
[Black "Schneider, Stefan"]
[Result "0-1"]
[WhiteElo "2190"]
[BlackElo "2255"]
[PlyCount "88"]
[EventDate "1996.??.??"]
[EventType "swiss"]
[EventRounds "9"]
[EventCountry "DEN"]

1. d4 Nf6 2. c4 c6 3. Nc3 d5 4. e3 a6 5. Nf3 b5 6. b3 Bg4 7. Be2 e6 8. O-O Be7
9. h3 Bh5 10. Ne5 Bxe2 11. Nxe2 O-O 12. Nf4 Qb6 13. Nfd3 Nbd7 14. Bd2 Nxe5 15.
Nxe5 Rfd8 16. Qe1 a5 17. c5 Qc7 18. Bxa5 Rxa5 19. Nxc6 Qxc6 20. Qxa5 Rb8 21.
Qb4 g5 22. a4 Kg7 23. axb5 Rxb5 24. Qa4 Ne4 25. b4 Nd2 26. Rfd1 Nc4 27. Rdb1
Nd2 28. Rb2 Nc4 29. Rba2 e5 30. Qb3 exd4 31. Ra6 Qxc5 32. bxc5 Rxb3 33. exd4
Rc3 34. Ra7 Bf6 35. Rd1 Nb2 36. Rd2 Nd3 37. Rd7 Nb4 38. Rb2 Rc4 39. Rb7 Nc6 40.
Rc7 Bxd4 41. Rbb7 Rc1+ 42. Kh2 Be5+ 43. g3 Bxc7 44. Rxc7 Rxc5 0-1

[Event "Junior DM"]
[Site "Lyngby"]
[Date "1996.07.11"]
[Round "4"]
[White "Bekker Jensen, Simon"]
[Black "Johansen, Terje"]
[Result "0-1"]
[WhiteElo "2200"]
[BlackElo "2375"]
[PlyCount "40"]
[EventDate "1996.??.??"]
[EventType "swiss"]
[EventRounds "9"]
[EventCountry "DEN"]

1. d4 d5 2. c4 c6 3. Nc3 e6 4. Nf3 Nd7 5. cxd5 exd5 6. Qc2 Bd6 7. Bg5 f6 8. Bh4
Ne7 9. e3 Nf8 10. Bd3 Nfg6 11. Bg3 Be6 12. Bxd6 Qxd6 13. O-O O-O 14. Rfe1 Bg4
15. Nd2 Rae8 16. Rab1 Qd7 17. b4 Bf5 18. b5 cxb5 19. Bxf5 Nxf5 20. Rxb5 Nxd4
0-1

[Event "Junior DM"]
[Site "Lyngby"]
[Date "1996.07.11"]
[Round "4"]
[White "Bircher, Roland"]
[Black "Berg, Emanuel"]
[Result "1-0"]
[WhiteElo "2150"]
[BlackElo "2215"]
[PlyCount "83"]
[EventDate "1996.??.??"]
[EventType "swiss"]
[EventRounds "9"]
[EventCountry "DEN"]

1. d4 e6 2. Nf3 Nf6 3. e3 b6 4. Bd3 Bb7 5. Nbd2 Be7 6. b3 c5 7. Bb2 Nc6 8. a3
Rc8 9. O-O O-O 10. Qe2 cxd4 11. exd4 Qc7 12. c4 d5 13. Ne5 Rfd8 14. Ndf3 Na5
15. Ng5 Rf8 16. Qc2 Ne4 17. f4 Bxg5 18. Bxe4 dxe4 19. fxg5 b5 20. c5 Qd8 21. b4
Nc6 22. Nxc6 Bxc6 23. Qc1 Qd5 24. Qe3 Ra8 25. Bc3 Rac8 26. Rf2 Rc7 27. Raf1 Rd8
28. Rd2 Rcd7 29. Rfd1 Qb3 30. h3 Rd5 31. Ra1 R8d7 32. Rb2 Qc4 33. Rd2 f5 34.
gxf6 gxf6 35. Bb2 Rg5 36. d5 Rgxd5 37. Rxd5 Qxd5 38. Bxf6 e5 39. Qg5+ Kf7 40.
Rf1 Qd4+ 41. Kh2 Ke6 42. Qg8+ 1-0

[Event "Junior DM"]
[Site "Lyngby"]
[Date "1996.07.11"]
[Round "4"]
[White "El Kher, Henrik"]
[Black "Vovk, Oksana"]
[Result "1-0"]
[WhiteElo "2200"]
[BlackElo "2195"]
[PlyCount "75"]
[EventDate "1996.??.??"]
[EventType "swiss"]
[EventRounds "9"]
[EventCountry "DEN"]

1. d4 Nf6 2. c4 e6 3. g3 Bb4+ 4. Bd2 Qe7 5. Bg2 d5 6. a3 Bxd2+ 7. Nxd2 O-O 8.
Ngf3 b6 9. O-O Bb7 10. Rc1 Rc8 11. cxd5 Bxd5 12. Ne5 Bxg2 13. Kxg2 c5 14. Qa4
Qb7+ 15. Ndf3 Nbd7 16. Kg1 cxd4 17. Qxd4 Nxe5 18. Nxe5 h6 19. b4 Rd8 20. Qf4
Nd5 21. Qf3 Rac8 22. b5 Rc7 23. Rc6 Rdc8 24. Rfc1 f6 25. Rxc7 Rxc7 26. Nc6 Ne7
27. Qb3 Nxc6 28. Qxe6+ Kf8 29. bxc6 Qc8 30. Qd5 Qe8 31. h4 g6 32. Kg2 Kg7 33.
e3 Qe7 34. Rc3 Qf7 35. Qd6 h5 36. Rd3 Kh6 37. Qf4+ Kg7 38. Qxc7 1-0

[Event "Junior DM"]
[Site "Lyngby"]
[Date "1996.07.11"]
[Round "4"]
[White "Jensen, Bjarke"]
[Black "De Wachter, Matthias"]
[Result "1/2-1/2"]
[WhiteElo "2245"]
[BlackElo "2170"]
[PlyCount "45"]
[EventDate "1996.??.??"]
[EventType "swiss"]
[EventRounds "9"]
[EventCountry "DEN"]

1. e4 c5 2. Nf3 Nc6 3. d4 cxd4 4. Nxd4 e5 5. Nb5 d6 6. N1c3 a6 7. Na3 b5 8. Nd5
Nge7 9. Bg5 h6 10. Bxe7 Nxe7 11. c3 Nxd5 12. Qxd5 Be6 13. Qd2 d5 14. exd5 Qxd5
15. Qxd5 Bxd5 16. Nc2 Bc5 17. a3 O-O 18. f3 e4 19. O-O-O Rad8 20. Be2 Bd6 21.
Nd4 Rfe8 22. g3 Bc5 23. Rhf1 1/2-1/2

[Event "Junior DM"]
[Site "Lyngby"]
[Date "1996.07.11"]
[Round "4"]
[White "Johansen, Morten"]
[Black "Lyrberg, Patrik"]
[Result "0-1"]
[WhiteElo "2220"]
[BlackElo "2415"]
[PlyCount "52"]
[EventDate "1996.??.??"]
[EventType "swiss"]
[EventRounds "9"]
[EventCountry "DEN"]

1. d4 Nf6 2. c4 e6 3. Nc3 Bb4 4. Bg5 c5 5. d5 h6 6. Bh4 b5 7. dxe6 fxe6 8. e4
O-O 9. e5 Qa5 10. Rc1 Ne4 11. Qc2 Bb7 12. a3 Bxc3+ 13. bxc3 b4 14. Bd3 Nxc3 15.
Ne2 Nxe2 16. Kxe2 Nc6 17. Kf1 Nxe5 18. Bh7+ Kh8 19. Kg1 Rf4 20. Bg3 Rxc4 21.
Qb1 Qxa3 22. Rxc4 Nxc4 23. h4 Nd2 24. Qg6 Nf3+ 25. gxf3 Qxf3 26. Rh2 Qd1# 0-1

[Event "Junior DM"]
[Site "Lyngby"]
[Date "1996.07.11"]
[Round "4"]
[White "Kauko, Jussi"]
[Black "Macieja, Bartlomiej"]
[Result "1/2-1/2"]
[WhiteElo "2225"]
[BlackElo "2460"]
[PlyCount "113"]
[EventDate "1996.??.??"]
[EventType "swiss"]
[EventRounds "9"]
[EventCountry "DEN"]

1. c4 Nf6 2. Nc3 d5 3. cxd5 Nxd5 4. g3 c5 5. Bg2 Nc7 6. d3 e5 7. Be3 Be7 8. Rc1
Ne6 9. Qb3 Nd7 10. Nf3 O-O 11. Qd5 Nc7 12. Qe4 f5 13. Qc4+ Kh8 14. Nd5 b5 15.
Qb3 Rb8 16. Nc3 Bb7 17. O-O Bd6 18. a4 b4 19. Nb1 Bd5 20. Qd1 Qe7 21. Qc2 Bg8
22. Bd2 a5 23. Be1 Ne6 24. Nbd2 Nb6 25. Nb3 Qa7 26. Nbd2 Nd4 27. Nxd4 cxd4 28.
Qd1 Rbc8 29. Rxc8 Rxc8 30. b3 Qd7 31. Kh1 h6 32. Qb1 Bf7 33. e3 dxe3 34. fxe3
Be6 35. Nc4 Nxc4 36. dxc4 e4 37. g4 g6 38. gxf5 gxf5 39. Qb2+ Qg7 40. Qd2 Rg8
41. Bh4 Qg4 42. Bf6+ Kh7 43. Rg1 Bxh2 44. Kxh2 Qh5+ 45. Bh3 Rxg1 46. Kxg1 Qxh3
47. Be5 h5 48. Bf4 Qg4+ 49. Kh2 Qh4+ 50. Kg2 Qg4+ 51. Kh2 h4 52. Qd6 Bf7 53.
Qh6+ Kg8 54. Be5 Qe2+ 55. Kh3 Qf3+ 56. Kh2 Qf2+ 57. Kh3 1/2-1/2

[Event "Junior DM"]
[Site "Lyngby"]
[Date "1996.07.11"]
[Round "4"]
[White "Keller, Thomas"]
[Black "Pedersen, Nicolai Vesterbaek"]
[Result "1/2-1/2"]
[WhiteElo "2155"]
[BlackElo "2290"]
[PlyCount "55"]
[EventDate "1996.??.??"]
[EventType "swiss"]
[EventRounds "9"]
[EventCountry "DEN"]

1. c4 e6 2. Nc3 d5 3. d4 Nf6 4. Nf3 c6 5. cxd5 exd5 6. Bg5 Bf5 7. e3 Nbd7 8.
Bd3 Bxd3 9. Qxd3 Be7 10. O-O O-O 11. Rab1 a5 12. Nd2 Re8 13. Rfc1 a4 14. Qc2
Qa5 15. Nf3 Bb4 16. Bxf6 Nxf6 17. Ne5 Bd6 18. Nd3 b6 19. b4 axb3 20. Qxb3 Ra6
21. Nb4 Bxb4 22. Qxb4 Qxb4 23. Rxb4 c5 24. Ra4 Raa8 25. Rxa8 Rxa8 26. Rb1 cxd4
27. exd4 Ra6 28. f3 1/2-1/2

[Event "Junior DM"]
[Site "Lyngby"]
[Date "1996.07.11"]
[Round "4"]
[White "Kludacz, Magdalena"]
[Black "Petersen, Steen"]
[Result "0-1"]
[WhiteElo "2150"]
[BlackElo "2150"]
[PlyCount "78"]
[EventDate "1996.??.??"]
[EventType "swiss"]
[EventRounds "9"]
[EventCountry "DEN"]

1. d4 Nf6 2. c4 e6 3. Nc3 Bb4 4. e3 c5 5. Bd3 Nc6 6. Nf3 Bxc3+ 7. bxc3 d6 8.
O-O O-O 9. e4 e5 10. h3 h6 11. Be3 b6 12. d5 Ne7 13. Kh1 Ng6 14. Ng1 Nf4 15.
Bxf4 exf4 16. Qd2 g5 17. Rae1 Nd7 18. g3 Qf6 19. gxf4 gxf4 20. f3 Ne5 21. Rf2
Qh4 22. Bf1 Kh7 23. Rh2 Rg8 24. Qf2 Rg3 25. Rg2 Bxh3 26. Rh2 Rag8 27. Bxh3 Nd3
28. Bf5+ Kh8 29. Qe2 Nxe1 30. Rxh4 Rxg1+ 31. Kh2 R8g2+ 32. Qxg2 Rxg2+ 33. Kh1
Rg3 34. Rxh6+ Kg7 35. Rh7+ Kg8 36. Rh2 Nxf3 37. Rg2 Ne5 38. Rxg3+ fxg3 39. Kg2
Kg7 0-1

[Event "Junior DM"]
[Site "Lyngby"]
[Date "1996.07.11"]
[Round "4"]
[White "Kryzius, Kestutis"]
[Black "Sylvan, Jacob"]
[Result "0-1"]
[WhiteElo "2240"]
[BlackElo "2285"]
[PlyCount "50"]
[EventDate "1996.??.??"]
[EventType "swiss"]
[EventRounds "9"]
[EventCountry "DEN"]

1. e4 e5 2. Nf3 Nc6 3. d4 exd4 4. Nxd4 Nf6 5. Nxc6 bxc6 6. e5 Qe7 7. Qe2 Nd5 8.
c4 Ba6 9. Nd2 Nf4 10. Qe3 Ng6 11. f4 d6 12. Nf3 dxe5 13. f5 e4 14. fxg6 exf3
15. gxf7+ Kxf7 16. Qxe7+ Bxe7 17. Bd2 f2+ 18. Kxf2 Bc5+ 19. Kg3 Rad8 20. Bc3
Bd6+ 21. Kf3 Rhf8 22. Rd1 Kg8+ 23. Ke2 Bxc4+ 24. Ke1 Bxa2 25. Be2 Rde8 0-1

[Event "Junior DM"]
[Site "Lyngby"]
[Date "1996.07.11"]
[Round "4"]
[White "Rowson, Jonathan"]
[Black "Kulaots, Kaido"]
[Result "1-0"]
[WhiteElo "2425"]
[BlackElo "2405"]
[PlyCount "147"]
[EventDate "1996.??.??"]
[EventType "swiss"]
[EventRounds "9"]
[EventCountry "DEN"]

1. e4 c5 2. Nf3 d6 3. d4 cxd4 4. Nxd4 Nf6 5. Nc3 a6 6. f4 Qc7 7. Qf3 Nc6 8.
Nxc6 bxc6 9. Bd3 e5 10. fxe5 dxe5 11. O-O Be6 12. Kh1 Be7 13. b3 O-O 14. Na4
Nd7 15. Be3 Qa5 16. Qe2 Bb4 17. Rad1 Nc5 18. Bxc5 Bxc5 19. Bc4 Bd4 20. g3 Rad8
21. Bxe6 fxe6 22. Kg2 Qb5 23. Qg4 Kh8 24. c3 Be3 25. Rxf8+ Rxf8 26. Qf3 Bc5 27.
Nxc5 Qxc5 28. b4 Qe7 29. Rd7 Qe8 30. Qd3 h6 31. Qd6 Kg8 32. Kg1 Qg6 33. Rd8
Rxd8 34. Qxd8+ Kh7 35. Qd3 h5 36. Kf2 Qg5 37. Qe3 Qd8 38. Ke2 h4 39. gxh4 Qxh4
40. h3 Qf6 41. a4 Qg6 42. Qf3 Kg8 43. Kd3 Qg1 44. Kc4 Qa1 45. a5 Qa4 46. Kc5
Qb5+ 47. Kd6 c5 48. bxc5 Qxa5 49. c6 Qd8+ 50. Kxe6 Qc7 51. Kd5 Qd8+ 52. Kxe5 a5
53. Qf5 a4 54. Qd7 Qg5+ 55. Kd6 Qd2+ 56. Kc7 Qxc3 57. Qe6+ Kh7 58. Kd8 Qa5+ 59.
c7 a3 60. Qd5 Qxd5+ 61. exd5 a2 62. c8=Q a1=Q 63. Qc6 Qf1 64. d6 Qxh3 65. Qe4+
g6 66. d7 Qc3 67. Ke8 Qh8+ 68. Ke7 Qg7+ 69. Ke6 Qg8+ 70. Kd6 Qb8+ 71. Ke7 Qc7
72. Ke8 Kg7 73. Qe7+ Kg8 74. Qf7+ 1-0

[Event "Junior DM"]
[Site "Lyngby"]
[Date "1996.07.12"]
[Round "5"]
[White "Berg, Emanuel"]
[Black "Kludacz, Magdalena"]
[Result "0-1"]
[WhiteElo "2215"]
[BlackElo "2150"]
[PlyCount "154"]
[EventDate "1996.??.??"]
[EventType "swiss"]
[EventRounds "9"]
[EventCountry "DEN"]

1. e4 e6 2. d4 d5 3. Nc3 Bb4 4. e5 Qd7 5. a3 Bxc3+ 6. bxc3 b6 7. a4 Ba6 8. Bxa6
Nxa6 9. Qd3 Nb8 10. f4 Ne7 11. Nf3 Nbc6 12. O-O Na5 13. Nd2 h5 14. Ba3 Nf5 15.
Bb4 Nc4 16. Nxc4 dxc4 17. Qf3 Rd8 18. a5 Qd5 19. Qxd5 Rxd5 20. axb6 axb6 21.
Kf2 Kd7 22. Ra7 Rc8 23. g3 Ke8 24. h3 c5 25. Ba3 cxd4 26. g4 hxg4 27. hxg4 Ne3
28. Rh1 Nxg4+ 29. Kf3 Nh6 30. cxd4 Rd7 31. Ra6 Rxd4 32. Bd6 b5 33. Ra7 c3 34.
Re7+ Kd8 35. Ra1 Nf5 36. Rxf7 Nxd6 37. exd6 Rxd6 38. Raa7 Ke8 39. Rxg7 Kf8 40.
Raf7+ Ke8 41. Ke4 Rcd8 42. Re7+ Kf8 43. Rgf7+ Kg8 44. Rg7+ Kf8 45. Rh7 b4 46.
Rb7 Kg8 47. Rbg7+ Kf8 48. Rb7 Kg8 49. Rhg7+ Kf8 50. Rgf7+ Kg8 51. Rfc7 Rd2 52.
Rg7+ Kh8 53. Rh7+ Kg8 54. Rhg7+ Kh8 55. Rh7+ Kg8 56. Rbg7+ Kf8 57. Rf7+ Kg8 58.
Rhg7+ Kh8 59. Rh7+ Kg8 60. Rfg7+ Kf8 61. Rb7 Kg8 62. Ke5 Re2+ 63. Kf6 Rf8+ 64.
Ke7 Kxh7 65. Kxf8+ Kg6 66. Rxb4 Rxc2 67. Rc4 Kf5 68. Ke7 Rc1 69. Kd6 c2 70. Kc5
Kg4 71. Kc6 Kf3 72. Kc5 Ke3 73. Kd6 Kd3 74. Rc8 Re1 75. Ke7 c1=Q 76. Rxc1 Rxc1
77. Kxe6 Ke4 0-1

[Event "Junior DM"]
[Site "Lyngby"]
[Date "1996.07.12"]
[Round "5"]
[White "Bircher, Roland"]
[Black "Kryzius, Kestutis"]
[Result "1/2-1/2"]
[WhiteElo "2150"]
[BlackElo "2240"]
[PlyCount "58"]
[EventDate "1996.??.??"]
[EventType "swiss"]
[EventRounds "9"]
[EventCountry "DEN"]

1. d4 Nf6 2. c4 d6 3. Nc3 g6 4. e4 Bg7 5. f3 O-O 6. Be3 e5 7. Nge2 c6 8. Qb3
exd4 9. Nxd4 Re8 10. O-O-O Nbd7 11. Be2 Qc7 12. Qc2 a6 13. Rhe1 b5 14. cxb5
cxb5 15. Nb3 Bb7 16. Bf4 Ne5 17. Kb1 Rac8 18. Qd2 b4 19. Nd5 Nxd5 20. exd5 Nc4
21. Bxc4 Rxe1 22. Rxe1 Qxc4 23. Rc1 Qb5 24. Rxc8+ Bxc8 25. Bxd6 a5 26. Nc1 Bb7
27. Qe2 Qd7 28. Qe7 Qf5+ 29. Qe4 Qd7 1/2-1/2

[Event "Junior DM"]
[Site "Lyngby"]
[Date "1996.07.12"]
[Round "5"]
[White "De Wachter, Matthias"]
[Black "Johansen, Morten"]
[Result "0-1"]
[WhiteElo "2170"]
[BlackElo "2220"]
[PlyCount "58"]
[EventDate "1996.??.??"]
[EventType "swiss"]
[EventRounds "9"]
[EventCountry "DEN"]

1. e4 d5 2. exd5 Qxd5 3. Nc3 Qa5 4. d4 Nf6 5. Nf3 Bf5 6. Bc4 c6 7. Bd2 e6 8.
Qe2 Bb4 9. Ne5 Nbd7 10. Nxd7 Nxd7 11. a3 Nf6 12. O-O-O Bxc3 13. Bxc3 Qc7 14. d5
cxd5 15. Bxd5 Nxd5 16. Rxd5 O-O 17. Rd2 Rad8 18. g4 Rxd2 19. Qxd2 Rd8 20. Qe3
Bg6 21. h4 Qc4 22. Kb1 Qxg4 23. h5 Rd1+ 24. Ka2 Bxc2 25. Rxd1 Qxd1 26. a4 Qb1+
27. Ka3 Qa1+ 28. Kb4 Qxa4+ 29. Kc5 Qc6+ 0-1

[Event "Junior DM"]
[Site "Lyngby"]
[Date "1996.07.12"]
[Round "5"]
[White "Jensen, Bjarke"]
[Black "Bekker Jensen, David"]
[Result "0-1"]
[WhiteElo "2245"]
[BlackElo "2190"]
[PlyCount "80"]
[EventDate "1996.??.??"]
[EventType "swiss"]
[EventRounds "9"]
[EventCountry "DEN"]

1. e4 c5 2. Nf3 d6 3. d4 cxd4 4. Nxd4 Nf6 5. Nc3 a6 6. a4 Qc7 7. Be2 e5 8. Nb3
Be7 9. O-O O-O 10. Kh1 Be6 11. f4 Nbd7 12. f5 Bc4 13. g4 d5 14. g5 Nxe4 15.
Nxe4 dxe4 16. Be3 Rfd8 17. Qe1 Rac8 18. Rf2 Bd5 19. Bg4 f6 20. g6 h6 21. Rg2
Nc5 22. Nd2 Bc6 23. Qh4 Bf8 24. Be2 Nxa4 25. Nc4 b5 26. Nd2 Bb7 27. c4 Nxb2 28.
cxb5 a5 29. b6 Qe7 30. Rxa5 Rc1+ 31. Rg1 Rxg1+ 32. Kxg1 Qb4 33. Rb5 Qc3 34. Qe1
Qxe3+ 35. Kf1 Qxd2 36. Qxd2 Rxd2 37. Ke1 e3 38. Ra5 Bb4 39. Ra7 Kf8 40. Rxb7
Rd7+ 0-1

[Event "Junior DM"]
[Site "Lyngby"]
[Date "1996.07.12"]
[Round "5"]
[White "Johansen, Terje"]
[Black "Schneider, Stefan"]
[Result "0-1"]
[WhiteElo "2375"]
[BlackElo "2255"]
[PlyCount "78"]
[EventDate "1996.??.??"]
[EventType "swiss"]
[EventRounds "9"]
[EventCountry "DEN"]

1. d4 Nf6 2. c4 c6 3. Nc3 d5 4. Nf3 a6 5. cxd5 cxd5 6. Bf4 Nc6 7. e3 Bg4 8. Qb3
Na5 9. Qa4+ b5 10. Qc2 Bxf3 11. gxf3 e6 12. Bd3 Bd6 13. Be5 Bxe5 14. dxe5 Nd7
15. f4 Rc8 16. Qe2 Nc5 17. O-O Nxd3 18. Qxd3 Qh4 19. Kh1 O-O 20. Ne2 Nb7 21.
Ng3 Rc4 22. b3 Rc7 23. Rac1 Rfc8 24. Rxc7 Rxc7 25. Qd2 Qd8 26. Rg1 Nc5 27. Nh5
g6 28. Nf6+ Kg7 29. Qd4 Nd7 30. Nxd7 Qxd7 31. f5 Rc2 32. f6+ Kg8 33. Qf4 Qc8
34. Ra1 Qf8 35. Kg2 h6 36. e4 Qb4 37. Qxh6 Qxe4+ 38. Kg1 Qg4+ 39. Kf1 Qe2+ 0-1

[Event "Junior DM"]
[Site "Lyngby"]
[Date "1996.07.12"]
[Round "5"]
[White "Kulaots, Kaido"]
[Black "Kauko, Jussi"]
[Result "1-0"]
[WhiteElo "2405"]
[BlackElo "2225"]
[PlyCount "59"]
[EventDate "1996.??.??"]
[EventType "swiss"]
[EventRounds "9"]
[EventCountry "DEN"]

1. e4 c5 2. Nf3 e6 3. d4 cxd4 4. Nxd4 a6 5. Nc3 Nc6 6. Be2 Qc7 7. O-O Nf6 8.
Kh1 Be7 9. f4 O-O 10. Be3 Rd8 11. Qe1 d5 12. e5 Nxd4 13. Bxd4 Nd7 14. Bf3 Bc5
15. Ne2 b5 16. b4 Bxd4 17. Nxd4 Nb6 18. Be2 Bd7 19. Bd3 g6 20. Rf3 Rdc8 21. Rb1
Na4 22. Rh3 Qd8 23. Qe3 Qf8 24. g4 f5 25. gxf5 gxf5 26. Rg1+ Kh8 27. Bxf5 exf5
28. e6 Qf6 29. Rh6 Rc3 30. Qe1 1-0

[Event "Junior DM"]
[Site "Lyngby"]
[Date "1996.07.12"]
[Round "5"]
[White "Lyrberg, Patrik"]
[Black "Hoogendoorn, Joost"]
[Result "1-0"]
[WhiteElo "2415"]
[BlackElo "2345"]
[PlyCount "43"]
[EventDate "1996.??.??"]
[EventType "swiss"]
[EventRounds "9"]
[EventCountry "DEN"]

1. d4 Nf6 2. c4 c5 3. d5 b5 4. cxb5 a6 5. bxa6 g6 6. Nc3 Bxa6 7. e4 Bxf1 8.
Kxf1 d6 9. g4 h5 10. g5 Nfd7 11. f4 Bg7 12. Nf3 O-O 13. Kg2 Nb6 14. e5 Na6 15.
e6 fxe6 16. Nh4 Qe8 17. dxe6 Nc7 18. Re1 Bd4 19. Qd3 Kh7 20. Ne2 Nxe6 21. Nxd4
Nxd4 22. Nxg6 1-0

[Event "Junior DM"]
[Site "Lyngby"]
[Date "1996.07.12"]
[Round "5"]
[White "Macieja, Bartlomiej"]
[Black "Rowson, Jonathan"]
[Result "0-1"]
[WhiteElo "2460"]
[BlackElo "2425"]
[PlyCount "106"]
[EventDate "1996.??.??"]
[EventType "swiss"]
[EventRounds "9"]
[EventCountry "DEN"]

1. e4 c5 2. Nf3 d6 3. d4 Nf6 4. dxc5 Nxe4 5. cxd6 e6 6. Bd3 Nxd6 7. Nc3 Be7 8.
O-O Nc6 9. Bf4 f6 10. Nd2 e5 11. Qh5+ Nf7 12. Be3 g6 13. Qe2 Nd4 14. Bxd4 exd4
15. Nce4 O-O 16. Nb3 f5 17. Ned2 Bf6 18. Nf3 Re8 19. Qd2 Qd5 20. Rfe1 Bd7 21.
Bf1 d3 22. cxd3 Rxe1 23. Rxe1 a5 24. d4 b6 25. Ne5 Bb5 26. Bxb5 Qxb5 27. Nxf7
Kxf7 28. Rc1 Rd8 29. Rc7+ Rd7 30. Rxd7+ Qxd7 31. d5 Qb5 32. g3 a4 33. Nc1 Qxb2
34. Qh6 Qd4 35. Qxh7+ Bg7 36. Qh3 Qxd5 37. Qf1 b5 38. h4 b4 39. Kh2 b3 40. axb3
axb3 41. Nd3 Qb5 42. Qb1 Kg8 43. Nc1 b2 44. Nd3 Kh7 45. Kg1 Qb7 46. g4 fxg4 47.
h5 Qe4 48. hxg6+ Kxg6 49. Qc2 Bd4 50. Kh2 Kh5 51. Qb3 Kh4 52. Qc2 Qf3 53. Kg1
g3 0-1

[Event "Junior DM"]
[Site "Lyngby"]
[Date "1996.07.12"]
[Round "5"]
[White "Pedersen, Nicolai Vesterbaek"]
[Black "El Kher, Henrik"]
[Result "1-0"]
[WhiteElo "2290"]
[BlackElo "2200"]
[PlyCount "85"]
[EventDate "1996.??.??"]
[EventType "swiss"]
[EventRounds "9"]
[EventCountry "DEN"]

1. e4 c6 2. d4 d5 3. Nd2 dxe4 4. Nxe4 Nd7 5. Qe2 Ndf6 6. Ng5 h6 7. N5f3 Bf5 8.
c3 e6 9. Ne5 Bd6 10. Ngf3 Ne7 11. g3 O-O 12. Bg2 Be4 13. Ng4 Ned5 14. O-O Bh7
15. Nxf6+ Qxf6 16. Bd2 Qf5 17. c4 Nf6 18. Rac1 Qd3 19. Rfe1 Qxe2 20. Rxe2 Rfd8
21. Ne5 Bc7 22. Be3 Bb6 23. Rd2 Nd7 24. Nxd7 Rxd7 25. a3 a5 26. b3 Bd8 27. d5
cxd5 28. cxd5 e5 29. d6 Ra6 30. Rc8 Bf5 31. Bc5 Kh7 32. Bf1 Rc6 33. Rxc6 bxc6
34. Ba6 Bg5 35. f4 exf4 36. gxf4 Bxf4 37. Rf2 Bxd6 38. Bxd6 Rxd6 39. Rxf5 Kg6
40. Rxa5 Rd1+ 41. Kf2 Rd2+ 42. Be2 Kf6 43. Rc5 1-0

[Event "Junior DM"]
[Site "Lyngby"]
[Date "1996.07.12"]
[Round "5"]
[White "Petersen, Steen"]
[Black "Bekker Jensen, Simon"]
[Result "0-1"]
[WhiteElo "2150"]
[BlackElo "2200"]
[PlyCount "84"]
[EventDate "1996.??.??"]
[EventType "swiss"]
[EventRounds "9"]
[EventCountry "DEN"]

1. c4 Nf6 2. Nf3 g6 3. b4 Bg7 4. Bb2 O-O 5. g3 d6 6. d4 e5 7. dxe5 Nfd7 8. Nbd2
dxe5 9. Qb3 b6 10. Bg2 Bb7 11. O-O Nc6 12. Rad1 Re8 13. Ne4 Qc8 14. Bh3 Re7 15.
e3 Nd8 16. Nfd2 Ne6 17. c5 bxc5 18. bxc5 Rb8 19. Bxe6 Rxe6 20. Qc2 Bc6 21. Nb3
Re8 22. Nc3 Bf3 23. Nd2 Bxd1 24. Nxd1 Qa6 25. a3 Qb5 26. Ne4 f5 27. c6 fxe4 28.
cxd7 Qxd7 29. Qxe4 c6 30. Qa4 Rb7 31. Bc3 Qd5 32. Bb4 Bf8 33. Qa6 Qb5 34. Qxb5
Rxb5 35. Nc3 Rb7 36. Ne4 Reb8 37. Nf6+ Kg7 38. Bxf8+ Rxf8 39. Ng4 Rb5 40. e4
Rfb8 41. Kg2 h5 42. Ne3 Rb1 0-1

[Event "Junior DM"]
[Site "Lyngby"]
[Date "1996.07.12"]
[Round "5"]
[White "Sylvan, Jacob"]
[Black "Cole, Roland"]
[Result "1-0"]
[WhiteElo "2285"]
[BlackElo "2215"]
[PlyCount "63"]
[EventDate "1996.??.??"]
[EventType "swiss"]
[EventRounds "9"]
[EventCountry "DEN"]

1. e4 c5 2. Nf3 d6 3. d4 cxd4 4. Nxd4 Nf6 5. Nc3 g6 6. Be3 Bg7 7. f3 O-O 8. Bc4
Nc6 9. Bb3 Bd7 10. Qe2 Qa5 11. O-O-O Rfc8 12. Kb1 Ne5 13. h4 Rab8 14. h5 Nxh5
15. Nd5 Ng3 16. Qf2 Nxh1 17. Rxh1 e6 18. Ne7+ Kf8 19. Nxc8 Rxc8 20. Rxh7 Nc4
21. Bxc4 Rxc4 22. c3 Kg8 23. Qh4 Rc8 24. Bg5 Qe5 25. Nc2 Ba4 26. f4 Bxc2+ 27.
Kc1 f6 28. Rxg7+ Kxg7 29. Qh6+ Kf7 30. Qh7+ Ke8 31. fxe5 fxg5 32. exd6 1-0

[Event "Junior DM"]
[Site "Lyngby"]
[Date "1996.07.12"]
[Round "5"]
[White "Vovk, Oksana"]
[Black "Keller, Thomas"]
[Result "1/2-1/2"]
[WhiteElo "2195"]
[BlackElo "2155"]
[PlyCount "41"]
[EventDate "1996.??.??"]
[EventType "swiss"]
[EventRounds "9"]
[EventCountry "DEN"]

1. d4 Nf6 2. Nf3 e6 3. Bg5 h6 4. Bh4 d5 5. e3 Nbd7 6. Bd3 Be7 7. O-O O-O 8.
Nbd2 b6 9. Qe2 Bb7 10. e4 dxe4 11. Nxe4 Bxe4 12. Bxe4 Nxe4 13. Bxe7 Nc3 14. Qe3
Qxe7 15. Qxc3 Rac8 16. Rfe1 Qd6 17. Rad1 Rfd8 18. Qd3 Nf6 19. Qe2 c5 20. dxc5
Qxc5 21. c3 1/2-1/2

[Event "Junior DM"]
[Site "Lyngby"]
[Date "1996.07.13"]
[Round "6"]
[White "Bekker Jensen, David"]
[Black "Kauko, Jussi"]
[Result "1-0"]
[WhiteElo "2190"]
[BlackElo "2225"]
[PlyCount "129"]
[EventDate "1996.??.??"]
[EventType "swiss"]
[EventRounds "9"]
[EventCountry "DEN"]

1. d4 Nf6 2. c4 c5 3. d5 e6 4. Nc3 exd5 5. cxd5 d6 6. Nf3 g6 7. g3 Bg7 8. Bg2
O-O 9. O-O a6 10. a4 Nbd7 11. Nd2 Rb8 12. Nc4 Ne8 13. Qb3 b6 14. Bf4 Qc7 15.
Ne4 Be5 16. Nxe5 Nxe5 17. Bh6 Ng7 18. Nf6+ Kh8 19. Qc3 Qe7 20. f4 Qxf6 21. Bg5
Nf3+ 22. Qxf3 Qxb2 23. Be7 Re8 24. Bxd6 Rb7 25. Be5 Rxe5 26. fxe5 Qxe5 27. e4
Ne8 28. Qd3 Rc7 29. Rab1 b5 30. axb5 axb5 31. Qxb5 Kg7 32. Qb2 Qxb2 33. Rxb2 f6
34. Rb6 Bg4 35. Bf3 Bxf3 36. Rxf3 Rd7 37. Rc3 Nd6 38. Rxc5 Nxe4 39. Rcb5 Nd6
40. Rb4 f5 41. Rb1 Kf6 42. Re1 Kf7 43. Re6 Nc4 44. Ra6 Rxd5 45. Rec6 Ne5 46.
Rd6 Rxd6 47. Rxd6 h5 48. Kg2 Ke7 49. Ra6 Kf7 50. h4 Kg7 51. Kf2 Nd3+ 52. Ke3
Nc5 53. Rc6 Ne4 54. Kf4 Kh7 55. Rc7+ Kh6 56. Ra7 Nf2 57. Ke5 Ne4 58. Ra3 Kg7
59. Ke6 Nc5+ 60. Kd6 Ne4+ 61. Ke7 Kh6 62. Kf7 g5 63. Rd3 g4 64. Ra3 Nd2 65. Kg8
1-0

[Event "Junior DM"]
[Site "Lyngby"]
[Date "1996.07.13"]
[Round "6"]
[White "Bekker Jensen, Simon"]
[Black "Kryzius, Kestutis"]
[Result "0-1"]
[WhiteElo "2200"]
[BlackElo "2240"]
[PlyCount "70"]
[EventDate "1996.??.??"]
[EventType "swiss"]
[EventRounds "9"]
[EventCountry "DEN"]

1. d4 e6 2. c4 f5 3. g3 Nf6 4. Bg2 Be7 5. Nh3 O-O 6. O-O d5 7. Nd2 a5 8. Nf3
Ne4 9. cxd5 exd5 10. Nf4 c6 11. Ne5 Qb6 12. Nfd3 Nd7 13. Bf4 Bf6 14. Nxd7 Bxd7
15. Be5 Bxe5 16. Nxe5 Bc8 17. b3 Nc3 18. Qd3 Qxd4 19. Nf3 Qxd3 20. exd3 Nb5 21.
Rfe1 f4 22. Re7 a4 23. Rae1 axb3 24. axb3 Ra3 25. Rb1 Nc3 26. Rb2 Ra1+ 27. Re1
Rxe1+ 28. Nxe1 fxg3 29. hxg3 Bg4 30. f3 Bf5 31. Rd2 Ra8 32. Kf2 Ra3 33. Nc2 Ra2
34. Ke3 c5 35. d4 Bxc2 0-1